00370nam a2200145Ia 4500008004100000020001500041041001200056082001100068100001800079245007000097260002500167300000800192650000800200700001600208221030s9999 xx 000 0 und d a8120326538 aEnglish a105.23 aP. Venkataram 0aCommunication Protocol Engineeringcby P. Venkataram, S. S. Manvi bPHIaNew Delhic2010 a284 aECE aS. S. Manvi